=LDR 00000nam 2200000 4500 =001 INLIS000000000050859 =005 20170803071025 =035 ##$$a 0010-0817000042 =007 ta =008 170803###########################0###### =082 ##$$a 346.03 =084 ##$$a 346.03 JON a =100 #$$a Joni Emirzon =245 1#$$a Alternatif Penyelesian Sengketa di Luar Pengadilan (Negosiasi, Mediasi, Konsolidasi, dan Arbitrasi) /$c Joni Emirzon =260 ##$$a Jakarta :$b Epa Media Pustaka Utama,$c 2001 =300 ##$$a ix, 173 hlm ; $c 21 cm =650 ##$$a Hukum Perselisihan =990 ##$$a 89378937 =990 ##$$a 31701611